L'Allemagne dans le XXIe siècle, une nouvelle nation ? : Éléments de réponse (notice n° 1568039)

détails MARC
000 -LEADER
fixed length control field 01285cam a2200133 4500500
005 - DATE AND TIME OF LATEST TRANSACTION
control field 20251214003916.0
041 ## - LANGUAGE CODE
Language code of text/sound track or separate title fre
042 ## - AUTHENTICATION CODE
Authentication code dc
100 10 - MAIN ENTRY--PERSONAL NAME
Personal name Gougeon, Jacques-Pierre
Relator term author
245 00 - TITLE STATEMENT
Title L'Allemagne dans le XXIe siècle, une nouvelle nation ? : Éléments de réponse
260 ## - PUBLICATION, DISTRIBUTION, ETC.
Name of publisher, distributor, etc. Armand Colin,<br/>
Date of publication, distribution, etc. 2009.<br/>
520 ## - SUMMARY, ETC.
Summary, etc. Plus de soixante ans après la création de la R.F.A., plus de vingt après la chute du Mur, l'Allemagne revendique à nouveau son identité et les valeurs qui ont fait sa force. Elle a cessé de se voir irrémédiablement au miroir d’un passé dont elle s’estime aussi la victime. Une fierté nationale est réapparue, l’affirmation internationale du pays s’est faite plus forte et plus politique. Le couple de référence formé avec la France paraît désormais plutôt étriqué à cette puissance en mutation. Mais les défis ne manquent pas : face à la crise mondiale, les Allemands peuvent-ils adapter leur modèle économique et social ? Surmonter, à l’Est, leur penchant à l’« ostalgie » ? Et faire de leur devenir national redynamisé l’une des chances du monde futur ?
856 41 - ELECTRONIC LOCATION AND ACCESS
Uniform Resource Identifier <a href="https://shs.cairn.info/lallemagne-dans-le-xxie-siecle-une-nouvelle-nation--9782200354817?lang=fr&redirect-ssocas=7080">https://shs.cairn.info/lallemagne-dans-le-xxie-siecle-une-nouvelle-nation--9782200354817?lang=fr&redirect-ssocas=7080</a>

Pas d'exemplaire disponible.

PLUDOC

PLUDOC est la plateforme unique et centralisée de gestion des bibliothèques physiques et numériques de Guinée administré par le CEDUST. Elle est la plus grande base de données de ressources documentaires pour les Étudiants, Enseignants chercheurs et Chercheurs de Guinée.

Adresse

627 919 101/664 919 101

25 boulevard du commerce
Kaloum, Conakry, Guinée

Réseaux sociaux

Powered by Netsen Group @ 2025